The study of Celtic literature.

Bibliographic Details
Main Author: Arnold, Matthew, 1822-1888
Format: Book
Language:English
Published: Port Washington, N.Y. : Kennikat Press, [1970]
Series:Kennikat Press scholarly reprints. Series in Irish history and culture.
Subjects:

MARC

Tag First Indicator Second Indicator Subfields
LEADER 00000cam a2200000 4500
001 in00000205331
005 20151009054425.0
008 700202r19701905nyu 00000 eng
010 |a  73085981  
020 |a 080460598X 
035 |a (OCoLC)00055495 
035 |9 AAW7846AM 
040 |a DLC  |c DLC  |d TXA  |d UtOrBLW 
049 |a TXAM  |c [853488] 
050 0 0 |a PB1096  |b .A6 1970 
082 0 |a 891.6 
100 1 |a Arnold, Matthew,  |d 1822-1888. 
245 1 4 |a The study of Celtic literature. 
264 1 |a Port Washington, N.Y. :  |b Kennikat Press,  |c [1970] 
300 |a xix, 152 pages ;  |c 19 cm. 
336 |a text  |b txt  |2 rdacontent 
337 |a unmediated  |b n  |2 rdamedia 
338 |a volume  |b nc  |2 rdacarrier 
490 1 |a Kennikat Press scholarly reprints. Series in Irish history and culture 
500 |a Reprint of the 1905 edition. 
500 |a Originally published in 1867 under title: On the study of Celtic literature. 
650 0 |a Celtic literature  |x History and criticism. 
830 0 |a Kennikat Press scholarly reprints. Series in Irish history and culture. 
999 |a MARS 
999 f f |s ad295bbf-7086-314f-a4f8-a350084bde00  |i 8341c1e6-28ed-3e8b-a66b-0f9039464ba7  |t 0 
952 f f |p ric  |a Texas A&M University  |b Rellis Campus  |c Joint Library Facility  |s JLF  |d Remote Storage  |t 0  |e PB1096 .A6 1970  |h Library of Congress classification  |i unmediated -- volume  |m A14803561094 
998 f f |a PB1096 .A6 1970  |t 0  |l Remote Storage